[Event "CZE-chT2F 1718"]
[Site "Czech Republic"]
[Date "2018.04.08"]
[Round "11.2"]
[White "Zboril, Tomas"]
[Black "Rakus, Pavel"]
[Result "0-1"]
[WhiteElo "2138"]
[BlackElo "2241"]
[PlyCount "76"]
[EventDate "2017.10.15"]
[EventType "team-tourn"]
[EventRounds "11"]
[EventCountry "CZE"]
[SourceTitle "EXT 2022"]
[Source "ChessBase"]
[SourceDate "2021.10.06"]
[SourceVersion "1"]
[SourceVersionDate "2021.10.06"]
[SourceQuality "1"]
[WhiteTeam "Olomouc ASK"]
[BlackTeam "Benesov Dolni"]
[WhiteTeamCountry "CZE"]
[BlackTeamCountry "CZE"]

1. e4 c5 2. Nf3 Nc6 3. d4 cxd4 4. Nxd4 Nf6 5. Nc3 e5 6. Ndb5 d6 7. Bg5 a6 8. Na3 b5 9. Bxf6 gxf6 10. Nd5 f5 11. Bd3 f4 12. Qh5 Bg7 13. 0-0 0-0 14. c3 Ne7 15. c4 Nxd5 16. cxd5 f5 17. Nc2 Rf6 18. exf5 Qf8 19. a4 Bxf5 20. Bxf5 Rxf5 21. Qh3 Rc8 22. Nb4 f3 23. Nc6 Re8 24. g3 e4 25. axb5 axb5 26. Rfd1 Qf7 27. Ra8 Rxa8 28. Qxf5 Qxf5 29. Ne7+ Kf7 30. Nxf5 Be5 31. h3 Ra2 32. Rb1 Kf6 33. Ne3 Rxb2 34. Rxb2 Bxb2 35. Nd1 Bd4 36. Kf1 b4 37. Ke1 b3 38. Kd2 Ke5 0-1

[Event "CZE-chT2F 1718"]
[Site "Czech Republic"]
[Date "2018.02.25"]
[Round "9.2"]
[White "Zboril, Tomas"]
[Black "Kostka, Vit"]
[Result "1/2-1/2"]
[WhiteElo "2138"]
[BlackElo "2119"]
[PlyCount "122"]
[EventDate "2017.10.15"]
[EventType "team-tourn"]
[EventRounds "11"]
[EventCountry "CZE"]
[SourceTitle "EXT 2022"]
[Source "ChessBase"]
[SourceDate "2021.10.06"]
[SourceVersion "1"]
[SourceVersionDate "2021.10.06"]
[SourceQuality "1"]
[WhiteTeam "Olomouc ASK"]
[BlackTeam "Orlova Slavia"]
[WhiteTeamCountry "CZE"]
[BlackTeamCountry "CZE"]

1. e4 c5 2. Nc3 g6 3. g3 Bg7 4. Bg2 Nc6 5. d3 d6 6. Be3 h5 7. Nge2 Nd4 8. h3 e5 9. Nd5 Be6 10. c4 Bxd5 11. cxd5 Qb6 12. Nxd4 cxd4 13. Qa4+ Ke7 14. Bd2 Qa6 15. Qxa6 bxa6 16. Rc1 Nf6 17. Rc7+ Nd7 18. Ke2 Rhb8 19. b4 a5 20. h4 Kd8 21. Rhc1 Rc8 22. R7c6 Bf8 23. Bh3 Be7 24. bxa5 Rcb8 25. Bxd7 Kxd7 26. Rc7+ Ke8 27. a6 Bd8 28. Rb7 Bb6 29. Bb4 Rc8 30. Rxc8+ Rxc8 31. Kd2 Rd8 32. a4 Rd7 33. a5 Bd8 34. Kc2 Rc7+ 35. Kb3 Kd7 36. Ka4 Be7 37. Rb8 Rc8 38. Rb7+ Rc7 39. Bd2 Kc8 40. Rb2 Kd7 41. f4 f6 42. Rb7 Kc8 43. Rb1 Rc2 44. Rd1 Kd7 45. Kb3 Rc8 46. Rg1 Rb8+ 47. Bb4 f5 48. Ka4 Bf6 49. Bd2 Rb2 50. fxe5 Bxe5 51. Bf4 fxe4 52. dxe4 d3 53. Be3 Re2 54. Bxa7 d2 55. Rd1 Bc3 56. Bb6 Kc8 57. Kb3 Re1 58. a7 Kb7 59. a6+ Ka8 60. Kc2 Bb4 61. Bf2 Ba5 1/2-1/2

[Event "CZE-chT2F 1617"]
[Site "Czech Republic"]
[Date "2016.11.13"]
[Round "3.1"]
[White "Zilka, Stepan"]
[Black "Zboril, Tomas"]
[Result "1-0"]
[WhiteElo "2531"]
[BlackElo "2146"]
[PlyCount "53"]
[EventDate "2016.10.09"]
[EventType "team-tourn"]
[EventRounds "11"]
[EventCountry "CZE"]
[SourceTitle "EXT 2022"]
[Source "ChessBase"]
[SourceDate "2021.10.06"]
[SourceVersion "1"]
[SourceVersionDate "2021.10.06"]
[SourceQuality "1"]
[WhiteTeam "Velke Losiny"]
[BlackTeam "Litovel Tatran II"]
[WhiteTeamCountry "CZE"]
[BlackTeamCountry "CZE"]

1. e4 c5 2. Nf3 d6 3. d4 cxd4 4. Nxd4 Nf6 5. Nc3 g6 6. Be3 Bg7 7. f3 Nc6 8. Qd2 0-0 9. 0-0-0 d5 10. exd5 Nxd5 11. Nxc6 bxc6 12. Nxd5 cxd5 13. Qxd5 Qc7 14. Qc5 Qb7 15. b3 Bf5 16. Bd3 Rfc8 17. Qa5 Qc6 18. Bxf5 gxf5 19. c4 e5 20. Rd5 f4 21. Bc5 e4 22. Rhd1 Re8 23. Rd6 Qc8 24. Bd4 Re6 25. Bxg7 Rxd6 26. Rxd6 Kxg7 27. Qe5+ 1-0

[Event "CZE-chT2F 1314"]
[Site "Czech Republic"]
[Date "2014.04.06"]
[Round "11.26"]
[White "Plsek, Pavel"]
[Black "Zboril, Tomas"]
[Result "0-1"]
[WhiteElo "1981"]
[BlackElo "2116"]
[PlyCount "54"]
[EventDate "2013.11.03"]
[EventType "team-tourn"]
[EventRounds "11"]
[EventCountry "CZE"]
[SourceTitle "EXT 2016"]
[Source "ChessBase"]
[SourceDate "2015.10.08"]
[SourceVersion "1"]
[SourceVersionDate "2015.10.08"]
[SourceQuality "1"]
[WhiteTeam "Hostalkova"]
[BlackTeam "Olomouc Garde"]
[WhiteTeamCountry "CZE"]
[BlackTeamCountry "CZE"]

1. h3 c5 2. e3 b6 3. d4 Bb7 4. Nf3 Nf6 5. Nc3 e6 6. Be2 Be7 7. 0-0 0-0 8. Nh2 d6 9. f4 Nbd7 10. Bf3 Bxf3 11. Nxf3 a6 12. g4 d5 13. Ne5 Qc7 14. g5 Ne8 15. Qf3 Nd6 16. Nxd7 Qxd7 17. dxc5 bxc5 18. b3 f6 19. Nxd5 exd5 20. Qxd5+ Kh8 21. f5 fxg5 22. e4 c4 23. Ba3 Rad8 24. Rad1 Qc7 25. Qe5 Rfe8 26. Qe6 Nxe4 27. Bxe7 Qg3+ 0-1

[Event "CZE-chT2D 1213"]
[Site "Czech Republic"]
[Date "2013.01.20"]
[Round "7.5"]
[White "Zboril, Tomas"]
[Black "Holasek, Pavel"]
[Result "0-1"]
[WhiteElo "2138"]
[BlackElo "2048"]
[PlyCount "81"]
[EventDate "2012.10.14"]
[EventType "team-tourn"]
[EventRounds "11"]
[EventCountry "CZE"]
[SourceTitle "EXT 2016"]
[Source "ChessBase"]
[SourceDate "2015.10.08"]
[SourceVersion "1"]
[SourceVersionDate "2015.10.08"]
[SourceQuality "1"]
[WhiteTeam "Olomouc Garde"]
[BlackTeam "Usti nad Orlici"]
[WhiteTeamCountry "CZE"]
[BlackTeamCountry "CZE"]

1. e4 e5 2. Nf3 Nc6 3. d4 exd4 4. Nxd4 Nf6 5. Nxc6 bxc6 6. e5 Qe7 7. Qe2 Nd5 8. c4 Ba6 9. b3 g5 10. Ba3 Nb4 11. Bb2 Bg7 12. a3 Nd5 13. g3 0-0-0 14. h4 Rhe8 15. hxg5 Qxg5 16. Qh5 Qxh5 17. Rxh5 Nf6 18. Rg5 Bh6 19. Rf5 Ng4 20. Be2 Rg8 21. Nd2 Rde8 22. Ne4 Re7 23. Rh5 Bf8 24. f4 d5 25. Nc5 Bb7 26. Rxh7 Kb8 27. Nxb7 Kxb7 28. Bd4 Rd7 29. e6 Rd8 30. exf7 Rg6 31. Rh8 Nf6 32. Bd3 Ne4 33. Bxe4 dxe4 34. Rg8 Rh6 35. Bc5 Rh1+ 36. Ke2 Rh2+ 37. Kf1 Rdd2 38. Rxf8 Rh1+ 39. Bg1 e3 40. Rb8+ Ka6 41. Rb6+ 0-1

[Event "CZE-chT2E 0809"]
[Site "Czech Republic"]
[Date "2009.01.11"]
[Round "6.3"]
[White "Biolek, Richard"]
[Black "Zboril, Tomas"]
[Result "1-0"]
[WhiteElo "2424"]
[BlackElo "2138"]
[PlyCount "63"]
[EventDate "2008.10.12"]
[EventType "team-tourn"]
[EventRounds "11"]
[EventCountry "CZE"]
[SourceTitle "EXT 2010"]
[Source "ChessBase"]
[SourceDate "2010.11.25"]
[SourceVersion "1"]
[SourceVersionDate "2010.11.25"]
[SourceQuality "1"]
[WhiteTeam "Grygov II"]
[BlackTeam "Olomouc"]
[WhiteTeamCountry "CZE"]
[BlackTeamCountry "CZE"]

1. e4 c5 2. Nf3 d6 3. Bb5+ Bd7 4. Bxd7+ Qxd7 5. 0-0 Nc6 6. c3 Nf6 7. Re1 g6 8. d4 cxd4 9. cxd4 Bg7 10. d5 Nb8 11. Nc3 0-0 12. h3 Na6 13. Be3 Rfc8 14. Bd4 Nc5 15. Rc1 Qd8 16. Qe2 Qa5 17. Rb1 Ncd7 18. Qd3 Nc5 19. Qe3 Ncd7 20. Nd2 a6 21. Rec1 Qd8 22. b4 b6 23. Na4 b5 24. Nc3 Ne8 25. a4 Bxd4 26. Qxd4 bxa4 27. Nxa4 Nc7 28. Nc4 Nb5 29. Qe3 Rab8 30. Na5 Rxc1+ 31. Rxc1 Rc8 32. Nc6 1-0

[Event "CZE-chT2E 0809"]
[Site "Czech Republic"]
[Date "2008.11.23"]
[Round "3.3"]
[White "Zboril, Tomas"]
[Black "Dvoulety, Pavel"]
[Result "1-0"]
[WhiteElo "2138"]
[BlackElo "2115"]
[PlyCount "75"]
[EventDate "2008.10.12"]
[EventType "team-tourn"]
[EventRounds "11"]
[EventCountry "CZE"]
[SourceTitle "EXT 2010"]
[Source "ChessBase"]
[SourceDate "2010.11.25"]
[SourceVersion "1"]
[SourceVersionDate "2010.11.25"]
[SourceQuality "1"]
[WhiteTeam "Olomouc"]
[BlackTeam "Stare Mesto III"]
[WhiteTeamCountry "CZE"]
[BlackTeamCountry "CZE"]

1. e4 c5 2. Nf3 Nc6 3. d4 cxd4 4. Nxd4 e5 5. Nb5 a6 6. Nd6+ Bxd6 7. Qxd6 Qf6 8. Qd1 Qg6 9. Nc3 Nge7 10. h4 h5 11. Bg5 d5 12. exd5 Nb4 13. Bxe7 Kxe7 14. Bd3 Nxd3+ 15. Qxd3 Qxd3 16. cxd3 b5 17. b4 Kd6 18. Kd2 Bd7 19. Rhc1 f5 20. g3 Rhc8 21. f4 exf4 22. gxf4 Be8 23. Re1 Bf7 24. a4 bxa4 25. Rxa4 a5 26. Rxa5 Rxa5 27. bxa5 Ra8 28. Ra1 Ra6 29. d4 g6 30. Kd3 Bg8 31. Kc4 Rc6+ 32. Kb4 Bxd5 33. Nxd5 Kxd5 34. a6 Kxd4 35. a7 Rc8 36. a8Q Rxa8 37. Rxa8 Ke4 38. Rg8 1-0

[Event "CZE-chT2E 0809"]
[Site "Czech Republic"]
[Date "2008.10.12"]
[Round "1.3"]
[White "Zboril, Tomas"]
[Black "Senkyr, Martin"]
[Result "0-1"]
[WhiteElo "2138"]
[BlackElo "2169"]
[PlyCount "72"]
[EventDate "2008.10.12"]
[EventType "team-tourn"]
[EventRounds "11"]
[EventCountry "CZE"]
[SourceTitle "EXT 2010"]
[Source "ChessBase"]
[SourceDate "2010.11.25"]
[SourceVersion "1"]
[SourceVersionDate "2010.11.25"]
[SourceQuality "1"]
[WhiteTeam "Olomouc"]
[BlackTeam "Zlin II"]
[WhiteTeamCountry "CZE"]
[BlackTeamCountry "CZE"]

1. e4 e5 2. Nf3 Nc6 3. Bb5 a6 4. Ba4 Nf6 5. 0-0 b5 6. Bb3 Be7 7. Re1 d6 8. c3 Bg4 9. d3 0-0 10. Nbd2 Na5 11. Bc2 c5 12. h3 Bd7 13. d4 cxd4 14. cxd4 Qc7 15. Nf1 Rac8 16. Ne3 Rfe8 17. Bd2 Nc6 18. d5 Nd4 19. Bd3 Nxf3+ 20. Qxf3 Qb6 21. Qe2 Rc7 22. Rac1 Rec8 23. Rxc7 Rxc7 24. Rc1 Bd8 25. Nd1 Kf8 26. b4 Ne8 27. Be3 Qb7 28. Qh5 Kg8 29. Rb1 f5 30. f3 f4 31. Bd2 Rc8 32. Rc1 Qb6+ 33. Kf1 Nf6 34. Qh4 Nxe4 35. Rxc8 Bxc8 36. Be3 Qc7 0-1

[Event "Olomouc op"]
[Site "Olomouc"]
[Date "2008.08.04"]
[Round "6"]
[White "Cagasik, Tomas"]
[Black "Zboril, Tomas"]
[Result "1-0"]
[WhiteElo "2253"]
[BlackElo "2109"]
[PlyCount "51"]
[EventDate "2008.07.31"]
[EventType "swiss"]
[EventRounds "9"]
[EventCountry "CZE"]
[SourceTitle "CBM 125 Extra"]
[Source "ChessBase"]
[SourceDate "2008.09.01"]
[SourceVersion "1"]
[SourceVersionDate "2008.09.01"]
[SourceQuality "1"]

1. c4 Nf6 2. Nc3 c5 3. Nf3 Nc6 4. d4 cxd4 5. Nxd4 g6 6. g3 Bg7 7. Bg2 0-0 8. 0-0 Nxd4 9. Qxd4 d6 10. Qh4 Rb8 11. Rd1 Bd7 12. c5 dxc5 13. Bf4 h6 14. Bxb8 Qxb8 15. Qc4 b6 16. Rd2 Be6 17. Qa6 Bc8 18. Qb5 Be6 19. Rad1 Rc8 20. Qa6 Ne8 21. Qb7 Nd6 22. Qxe7 Bf8 23. Qf6 Nc4 24. Rd8 Nxb2 25. Rxc8 Qxc8 26. Rd8 1-0

[Event "CZE-chT2e 0607"]
[Site "Czech Republic"]
[Date "2007.02.11"]
[Round "7.6"]
[White "Adamcik, Martin"]
[Black "Zboril, Tomas"]
[Result "1/2-1/2"]
[WhiteElo "2191"]
[BlackElo "2043"]
[PlyCount "90"]
[EventDate "2006.10.15"]
[EventType "team"]
[EventRounds "11"]
[EventCountry "CZE"]
[SourceTitle "EXT 2009"]
[Source "ChessBase"]
[SourceDate "2008.11.26"]
[SourceVersion "1"]
[SourceVersionDate "2008.11.26"]
[SourceQuality "1"]

1. Nf3 c5 2. c4 Nf6 3. g3 g6 4. Bg2 Bg7 5. 0-0 0-0 6. d4 d6 7. Nc3 Nc6 8. d5 Na5 9. Nd2 e5 10. a3 b6 11. b4 Nb7 12. Nb3 a6 13. bxc5 Nxc5 14. Nxc5 bxc5 15. Bd2 Bd7 16. Qc2 Qc7 17. Rab1 Rab8 18. Rxb8 Rxb8 19. Rb1 Rb7 20. e3 Qb8 21. Rxb7 Qxb7 22. Qb1 Qxb1+ 23. Nxb1 Ne8 24. Ba5 Ba4 25. g4 Bc2 26. Nd2 f5 27. gxf5 gxf5 28. f3 Bf6 29. Kf2 Kf7 30. Ke2 Ke7 31. Bh3 e4 32. fxe4 fxe4 33. Bc8 Bb2 34. a4 Nf6 35. Bxa6 Bxa4 36. Bc8 Bc2 37. Bf5 Bd3+ 38. Kd1 Be5 39. h3 Bb2 40. Ke1 h6 41. Kd1 h5 42. Bg6 Kd7 43. Bf5+ Ke7 44. Bg6 Kd7 45. Bf5+ Ke7 1/2-1/2